[Event "Clusane op 1st"]
[Site "Clusane"]
[Date "2024.03.03"]
[Round "6"]
[White "Sbarra, Marco"]
[Black "Beliman, Alexandro"]
[Result "1-0"]
[WhiteElo "2185"]
[BlackElo "2123"]
[PlyCount "173"]
[EventDate "2024.02.29"]
[EventType "swiss"]
[EventRounds "7"]
[EventCountry "ITA"]
[SourceTitle "CB11_2024"]
[SourceDate "2024.03.13"]
[SourceVersion "1"]
[SourceVersionDate "2024.03.13"]
[SourceQuality "1"]

1. d4 Nf6 2. c4 e6 3. Nc3 d5 4. cxd5 Nxd5 5. e4 Nxc3 6. bxc3 c5 7. Nf3 cxd4 8. cxd4 Bb4+ 9. Bd2 Bxd2+ 10. Qxd2 0-0 11. Be2 b6 12. 0-0 Bb7 13. Qe3 Nc6 14. Rad1 Rc8 15. Bd3 Ne7 16. Bb1 Qc7 17. Rfe1 Rfd8 18. h4 h6 19. d5 Rd7 20. dxe6 fxe6 21. Rxd7 Qxd7 22. Qb3 Nc6 23. Rd1 Qe7 24. a4 Rd8 25. Rxd8+ Nxd8 26. Qd3 Nf7 27. Ba2 Nd6 28. e5 Nf7 29. Nd4 Nxe5 30. Qb5 Bd5 31. Bxd5 exd5 32. Qxd5+ Nf7 33. Ne6 Qd6 34. Qa8+ Kh7 35. Qe8 Qd1+ 36. Kh2 Qh5 37. Nf8+ Kg8 38. Nd7+ Kh7 39. Qe4+ Kg8 40. g3 Nd8 41. Qe7 Nc6 42. Qe6+ Qf7 43. Qxc6 Qxf2+ 44. Qg2 Qd4 45. Qa8+ Kf7 46. Qc6 Qf2+ 47. Qg2 Qd4 48. Qa2+ Ke7 49. Nb8 Qc5 50. Qg2 Qc7 51. Nc6+ Kf7 52. Qd5+ Kf6 53. Nd4 Qc8 54. Nc6 Qe8 55. Qd6+ Kf7 56. Ne5+ Kg8 57. Qd5+ Kh7 58. Qe4+ Kg8 59. Qf5 Qxa4 60. Qf7+ Kh7 61. Qf5+ Kg8 62. Qe6+ Kh7 63. h5 Qc2+ 64. Kh3 Qe4 65. Qg6+ Qxg6 66. hxg6+ Kg8 67. Kg4 b5 68. Nc6 a6 69. Kf5 Kf8 70. g4 a5 71. Nxa5 Ke7 72. Ke5 Kd7 73. Nb3 b4 74. Nd4 Ke7 75. Nf5+ Kf8 76. Kd4 Kg8 77. Kc4 Kh8 78. Kxb4 Kg8 79. Kc5 Kf8 80. Kd6 Kg8 81. Ke6 Kf8 82. Kd7 Kg8 83. Ke7 h5 84. gxh5 Kh8 85. h6 Kg8 86. Nxg7 Kh8 87. Nh5 1-0

[Event "Clusane op 1st"]
[Site "Clusane"]
[Date "2024.02.29"]
[Round "1"]
[White "Beliman, Alexandro"]
[Black "Hercegovac, Neven"]
[Result "0-1"]
[WhiteElo "2123"]
[BlackElo "2301"]
[PlyCount "54"]
[EventDate "2024.02.29"]
[EventType "swiss"]
[EventRounds "7"]
[EventCountry "ITA"]
[SourceTitle "CB11_2024"]
[SourceDate "2024.03.13"]
[SourceVersion "1"]
[SourceVersionDate "2024.03.13"]
[SourceQuality "1"]

1. e4 c5 2. Nf3 d6 3. d4 cxd4 4. Nxd4 Nf6 5. Nc3 g6 6. Be3 Bg7 7. f3 a6 8. Bc4 b5 9. Bb3 Bb7 10. Qd2 h5 11. 0-0 Nbd7 12. Nde2 Nc5 13. Nf4 Rc8 14. Rab1 Nxb3 15. cxb3 0-0 16. Rfd1 Re8 17. Nce2 e5 18. Nd3 d5 19. Nc5 d4 20. Nxb7 Qb6 21. Bf2 Qxb7 22. Nc1 Kh7 23. Nd3 Bh6 24. Qe2 Rc7 25. Be1 Nd7 26. Bd2 Bf8 27. Rbc1 Rec8 0-1

[Event "Wch FIDE Online U10 Europe qual"]
[Site "Tornelo INT"]
[Date "2020.12.08"]
[Round "5"]
[White "Beliman, Alexandro"]
[Black "Kovacec, Tilen"]
[Result "1-0"]
[WhiteElo "1668"]
[BlackElo "1217"]
[PlyCount "73"]
[EventDate "2020.12.07"]
[EventType "swiss (rapid)"]
[EventRounds "7"]
[EventCountry "ISS"]
[SourceTitle "EXT 2022"]
[Source "ChessBase"]
[SourceDate "2021.10.06"]
[SourceVersion "1"]
[SourceVersionDate "2021.10.06"]
[SourceQuality "1"]

1. e4 c5 2. Nc3 Nc6 3. g3 g6 4. Bg2 Bg7 5. d3 d6 6. Be3 Nf6 7. h3 0-0 8. Qd2 Bd7 9. Nge2 Rc8 10. 0-0 Ne5 11. f4 Nc6 12. f5 Ne5 13. g4 b5 14. g5 Ne8 15. Nd1 b4 16. Ng3 a5 17. Nf2 Qc7 18. Bf4 a4 19. Rae1 Rb8 20. b3 axb3 21. axb3 Ra8 22. h4 Ra2 23. Nd1 Nc6 24. fxg6 hxg6 25. Qc1 Bg4 26. Nf2 Bd7 27. h5 Ra1 28. Qe3 Ra2 29. hxg6 fxg6 30. Ne2 Rxc2 31. Bh3 Bxh3 32. Qxh3 Rb2 33. Qe6+ Kh8 34. Kg2 Rxe2 35. Rh1+ Bh6 36. Rxh6+ Kg7 37. Qxg6# 1-0